Využitie autonómnych lietajúcich prostriedkov pre poľnohospodárstvo

Guardado en:
Detalles Bibliográficos
Autor principal: Urban, Michal (Autor)
Otros Autores: Rodina, Jozef (Orientador)
Formato: Manuscrito Libro
Lenguaje:eslovaco
Publicado: Bratislava : STU v Bratislave FEI, 2021
Materias:
Acceso en línea:https://opac.crzp.sk/?fn=detailBiblioForm&sid=983A108C82E0ACEA9F5D7A6AE8A0&seo=CRZP-detail-kniha
Etiquetas: Agregar Etiqueta
Sin Etiquetas, Sea el primero en etiquetar este registro!

MARC

LEADER 00000ntm a22000003a 4500
001 stuzp82532
003 SK-STU
005 20210924104816.0
007 ta
008 150427s2015----xo-----f-mn---000-0-slo-d
040 |a STU  |b slo 
041 0 |a slo 
044 |a xo 
100 1 |a Urban, Michal  |u 031000  |4 aut  |U FEI Fakulta elektrotechniky a informatiky  |T FEI Ústav robotiky a kybernetiky  |X 98377  |U E011  |Y 356  |7 98377 
242 0 1 |a Use of Autonomous Aircraft for Agriculture  |y eng 
245 1 0 |a Využitie autonómnych lietajúcich prostriedkov pre poľnohospodárstvo 
260 |a Bratislava :  |b STU v Bratislave FEI,  |c 2021 
300 |a 62 s., príl. 
650 4 |a Dron  |2 slo 
650 4 |a Poľnohospodárstvo  |2 slo 
650 4 |a Snímač  |2 slo 
650 4 |a NDVI  |2 slo 
650 4 |a NDVI  |2 eng 
650 4 |a Sensor  |2 eng 
650 4 |a Drone  |2 eng 
650 4 |a Agriculture  |2 eng 
700 1 |a Rodina, Jozef  |u 031000  |k Z1  |4 ths  |U FEI Fakulta elektrotechniky a informatiky  |T FEI Ústav robotiky a kybernetiky  |X 11924  |U E011  |Y 356  |7 A000011924 
856 4 |u https://opac.crzp.sk/?fn=detailBiblioForm&sid=983A108C82E0ACEA9F5D7A6AE8A0&seo=CRZP-detail-kniha